Eurozóna už potrebuje riešenia, nie čas

Dlhová kríza v krajinách Európskej únie a jej príčiny. Odmietnutie gréckej pôžičky slovenskou vládou. Vstup krajiny do eurovalu. Dohoda európskych lídrov o potrebe trvalého krízového mechanizmu. Znižovanie rizika morálneho hazardu a prostredníctvom procedúry riadeného bankrotu štátu spoluúčasť súkro...

Ausführliche Beschreibung

Gespeichert in:
Bibliographische Detailangaben
1. Verfasser: Baťo, Rado
Format: Buchkapitel
Sprache:Slowakisch
Schlagworte:
Tags: Tag hinzufügen
Keine Tags, Fügen Sie das erste Tag hinzu!

MARC

LEADER 00000naa a2200000 4500
001 0124004
005 20231018093803.9
041 0 |a slo 
044 |a SK 
245 1 0 |a Eurozóna už potrebuje riešenia, nie čas  |c Rado Baťo 
520 |a Dlhová kríza v krajinách Európskej únie a jej príčiny. Odmietnutie gréckej pôžičky slovenskou vládou. Vstup krajiny do eurovalu. Dohoda európskych lídrov o potrebe trvalého krízového mechanizmu. Znižovanie rizika morálneho hazardu a prostredníctvom procedúry riadeného bankrotu štátu spoluúčasť súkromného sektora, predovšetkým finančných inštitúcií. 
610 2 0 |a eurozóna 
610 2 0 |a zadlženosť 
610 2 0 |a dlhy verejné 
610 2 0 |a kríza 
610 2 0 |a spolupráca medzinárodná 
610 2 0 |a pôžičky medzinárodné 
610 2 0 |a Európska únia 
610 2 0 |a Slovensko 
100 1 |a Baťo, Rado